| 000 | 004290000a22001810004500 | ||
|---|---|---|---|
| 003 | MACL | ||
| 005 | 20150901132548.0 | ||
| 008 | 150901b xxu||||| |||| 00| 0 eng d | ||
| 040 |
_aMACL _cMACL |
||
| 041 | _aEnglish | ||
| 082 | _a800/GEO | ||
| 100 |
_aGeorge, K M _98235 |
||
| 245 | _aA Many Branched Tree | ||
| 260 |
_bAjanta Publications _c1991 _aDelhi |
||
| 350 | _a250 | ||
| 650 |
_aLiterature _98237 |
||
| 942 |
_cBK _k800 _2ddc |
||
| 999 |
_c4236 _d4236 |
||